000 00411nam a2200169Ia 4500
008 100122s9999 xx 000 0 und d
082 _b69262
_a821
100 _aNANDY PRITISH
245 _aUNTAMED HEART
260 _bRUPA & CO
_c1994
300 _a80
520 _aLOVE POEMS OF BHARTRHARI
620 _aLOVE POEMS OF BHARTRHARI
630 _aUNTAMED HEART
730 _aUNTAMED HEART
942 _cBOOK
999 _c381644
_d381641